Who Scored The Goal? (Fenerbahçe 23/24) European Matches - Statistics

General Stats
  • This quiz has been taken 74 times
    52 since last reset
  • The average score is 20 of 57
Answer Stats
Matches Scorers % Correct
Fenerbahçe - Zimbru11' 1-0 Ferdi Kadıoğlu
86%
Fenerbahçe - Zimbru61' 3-0 Edin Dzeko
75%
Fenerbahçe - Zimbru13' 2-0 Ryan Kent
75%
Fenerbahçe - Zimbru63' 4-0 Sebastian Szymanski
75%
Fenerbahçe - Olympiakos11' 1-0 İrfan Can Kahveci
61%
Olympiakos - Fenerbahçe74' 3-2 İrfan Can Kahveci
54%
Union Saint-Gilloise - Fenerbahçe84' 0-2 Jayden Oosterwolde
54%
Twente - Fenerbahçe72' 0-1 Edin Dzeko
50%
Fenerbahçe - Twente32' 1-1 Jayden Oosterwolde
50%
Fenerbahçe - Zimbru88' 5-0 Joshua King
50%
Union Saint-Gilloise - Fenerbahçe20' 0-1 Michy Batshuayi
50%
Fenerbahçe - Maribor58' 1-0 Rodrigo Becao
50%
Fenerbahçe - Twente60' 2-1 Sebastian Szymanski
50%
Zimbru - Fenerbahçe48' 0-1 Dusan Tadic
46%
Union Saint-Gilloise - Fenerbahçe90+4' 0-3 Dusan Tadic
46%
Olympiakos - Fenerbahçe68' 3-1 Dusan Tadic
46%
Fenerbahçe - Twente62' 3-1 İrfan Can Kahveci
46%
Zimbru - Fenerbahçe77' 0-4 İsmail Yüksek
46%
Fenerbahçe - Twente90+3' 5-1 Dusan Tadic
43%
Spartak Trnava - Fenerbahçe70' 0-1 Joshua King
43%
Spartak Trnava - Fenerbahçe81' 0-2 Joshua King
43%
Zimbru - Fenerbahçe57' 0-2 Michy Batshuayi
43%
Zimbru - Fenerbahçe59' 0-3 Michy Batshuayi
43%
Nordsjaelland - Fenerbahçe43' 2-1 Michy Batshuayi
43%
Fenerbahçe - Maribor90+3' 3-1 Dusan Tadic
39%
Fenerbahçe - Maribor62' 2-0 İrfan Can Kahveci
39%
Fenerbahçe - Twente74' 4-1 İrfan Can Kahveci
39%
Fenerbahçe - Spartak Trnava59' 3-0 Edin Dzeko
36%
Fenerbahçe - Spartak Trnava36' 1-0 Ferdi Kadıoğlu
36%
Fenerbahçe - Nordsjaelland30' 2-0 Michy Batshuayi
36%
Fenerbahçe - Nordsjaelland24' 1-0 Miguel Crespo
36%
Maribor - Fenerbahçe78' 0-2 Sebastian Szymanski
36%
Fenerbahçe - Spartak Trnava61' 4-0 Edin Dzeko
32%
Fenerbahçe - Ludogorets42' 1-0 Michy Batshuayi
32%
Fenerbahçe - Nordsjaelland47' 3-0 Serdar Aziz
32%
Maribor - Fenerbahçe80' 0-3 Dusan Tadic
29%
Fenerbahçe - Ludogorets90+3' 3-1 Miha Zajc
29%
Maribor - Fenerbahçe17' 0-1 İrfan Can Kahveci
25%
Fenerbahçe - Ludogorets52' 2-0 Miha Zajc
21%
Fenerbahçe - Ludogorets65' 2-1 Rodrigo Becao (OG)
18%
Fenerbahçe - Spartak Trnava48' 2-0 Dominik Takac (OG)
14%
Spartak Trnava - Fenerbahçe88' 1-2 Kelvin Ofori
14%
Fenerbahçe - Twente20' 0-1 Manfred Ugalde
14%
Fenerbahçe - Maribor72' 2-1 Mark Strajnar
14%
Nordsjaelland - Fenerbahçe84' 6-1 Benjamin Nygren
11%
Olympiakos - Fenerbahçe57' 3-0 Chiquinho
11%
Nordsjaelland - Fenerbahçe25' 2-0 Daniel Svensson
11%
Ludogorets - Fenerbahçe18' 1-0 Jakub Piotrowski
11%
Nordsjaelland - Fenerbahçe21' 1-0 Lucas Hey
11%
Fenerbahçe - Nordsjaelland55' 3-1 Oliver Villadsen
11%
Ludogorets - Fenerbahçe90+2 2-0 Rwan
11%
Nordsjaelland - Fenerbahçe55' 3-1 Benjamin Nygren
7%
Nordsjaelland - Fenerbahçe75' 5-1 Benjamin Nygren
7%
Nordsjaelland - Fenerbahçe66' 4-1 Christian Rasmussen
7%
Olympiakos - Fenerbahçe8' 1-0 Konstantinos Fortounis
7%
Fenerbahçe - Union Saint-Gilloise68' 0-1 Mathias Rasmussen
7%
Olympiakos - Fenerbahçe32' 2-0 Stevan Jovetic
4%
No matching quizzes found
Score Distribution
Percent of People with Each Score
Percentile by Number Answered
Your Score History
You have not taken this quiz since the last reset